00392nam a2200133 a 45000010010000000030011000100080041000210350026000620820016000881000021001042450060001252600056001856500017002410000-9084ELIB.Books110520 1963  a(ELIB.Books)0000-9233 a225.7 bTas aTasker, R. V. G. aTyndale (The Second Epistle of Paul to the Corinthians) bGrand Rapids: Wm. B. Eerdmans Publishing Co. c1963 aCommentaries